| Tag |
First Indicator |
Second Indicator |
Subfields |
| LEADER |
00000cam a2200000 4500 |
| 001 |
in00000058154 |
| 005 |
20151008051508.0 |
| 008 |
720320s1966 ctuac b 00000 eng |
| 010 |
|
|
|a 66012515
|
| 035 |
|
|
|a (OCoLC)00266085
|
| 035 |
|
|
|9 AAG8263AM
|
| 040 |
|
|
|a DLC
|c WSU
|d OCL
|d TXA
|d UtOrBLW
|
| 049 |
|
|
|a TXAM
|c [462799]
|
| 050 |
|
0 |
|a HX412
|b .T66
|
| 082 |
0 |
|
|a 329.952
|
| 090 |
|
|
|a HX412
|b .T66 1966
|
| 092 |
|
|
|a 329.952
|b T719s
|
| 100 |
1 |
|
|a Totten, George O.
|q (George Oakley),
|d 1922-
|
| 245 |
1 |
4 |
|a The social democratic movement in prewar Japan.
|
| 264 |
|
1 |
|a New Haven :
|b Yale University Press,
|c 1966.
|
| 300 |
|
|
|a xv, 455 pages :
|b illustrations, portraits ;
|c 25 cm.
|
| 336 |
|
|
|a text
|b txt
|2 rdacontent
|
| 337 |
|
|
|a unmediated
|b n
|2 rdamedia
|
| 338 |
|
|
|a volume
|b nc
|2 rdacarrier
|
| 500 |
|
|
|a "Volume 1 of Studies on Japan's social democratic parties."
|
| 504 |
|
|
|a Bibliographical footnotes.
|
| 650 |
|
0 |
|a Socialism
|z Japan
|x History.
|
| 740 |
0 |
|
|a Studies on Japan's social democratic parties.
|
| 999 |
|
|
|a MARS
|
| 999 |
f |
f |
|s 01eed5db-8cea-3824-b532-3d03d328541b
|i 9a21118e-4042-3458-ad6f-af914f1d2040
|t 0
|
| 952 |
f |
f |
|p ric
|a Texas A&M University
|b Rellis Campus
|c Joint Library Facility
|d Remote Storage
|t 0
|e HX412 .T66 1966
|h Library of Congress classification
|i unmediated -- volume
|m A14800684738
|
| 998 |
f |
f |
|a HX412 .T66 1966
|t 0
|l Remote Storage
|